| 000 | 01441nam a2200397 i 4500 | ||
|---|---|---|---|
| 001 | 11255 | ||
| 003 | KOSZ 005 | ||
| 005 | 20240405063006.0 | ||
| 008 | 071027s1968 pl a f 000 0 pol | ||
| 015 | _aPB 1968/4345 | ||
| 040 |
_aWA N _cKOSZ 005/RW _dKOSZ 005/RW _dKOSZ 005/HR |
||
| 041 | 1 |
_apol _heng |
|
| 045 |
_bd1890 _bd1960 |
||
| 046 | _k1968 | ||
| 080 | _a69.059.22(73) | ||
| 100 | 1 |
_aMcKaig, Thomas H. _eAutor |
|
| 245 | 1 | 0 |
_aKatastrofy i awarie budowlane : _bprzykłady z budownictwa amerykańskiego w latach 1890-1960 / _cThomas H. McKaig ; tł. Anna Chrabczyńska, Józef Sieczkowski. |
| 246 | 1 |
_iTyt. oryg.: _aBuilding failures : _bcase studies in construction and design. |
|
| 260 |
_aWarszawa : _b"Arkady", _c1968. |
||
| 300 |
_a231, [1] s. : _bil. ; _c25 cm. |
||
| 380 | _aKsiążki | ||
| 388 | _a1801-1900 | ||
| 388 | _a1901-2000 | ||
| 504 | _aBibliogr. s. 227-[232]. | ||
| 648 | 4 | _a1801-1900 | |
| 648 | 4 | _a1901-2000 | |
| 648 | 4 | _a1945-1989 | |
| 650 | 4 | _aKatastrofy budowlane | |
| 651 | _aStany Zjednoczone (USA) | ||
| 658 | _aArchitektura i budownictwo | ||
| 700 | 1 |
_aChrabczyńska, Anna. _eTłumaczenie |
|
| 700 | 1 |
_aSieczkowski, Józef _d(1928-2004) _eTłumaczenie |
|
| 710 | 2 |
_aWydawnictwo Arkady _4pbl. |
|
| 856 |
_uhttp://koha.tu.koszalin.pl/cgi-bin/koha/opac-detail.pl?biblionumber=11255 _yKatalog online BPK |
||
| 942 |
_2UKD _cKS |
||
| 999 |
_c11255 _d11255 |
||